000
00196 a2200097 4500
001
3258
100
_a
Lampe, D
245
_a
Pyke the unknown genius
260
_a
_b
Evans
_c
090
_c
2538
_d
2538
942
_a
NUST-CAE
_c
M
_c
17091
999
_c
238331
_d
238331